Domino's Pizza Locations Around The World- Sudden Death - Statistics

General Stats
  • This quiz has been taken 129 times
  • The average score is 4 of 12
Answers on the Grid
Answers color-coded by a green-red scale on the quiz's grid according to % correct below.
USA
France
Egypt
India
Russia
Turkiye
Hungary
Finland
UAE
Argentina
Germany
Italy
Romania
Iran
Azerbaijan
North Korea
Bangladesh
Lebanon
Morocco
Iraq
 
Answer Stats
Answer % Correct
USA
96%
France
79%
India
42%
Turkiye
38%
Germany
33%
UAE
29%
Egypt
25%
Morocco
21%
Bangladesh
17%
Romania
17%
Lebanon
13%
Azerbaijan
8%
No matching quizzes found
Score Distribution
Percent of People with Each Score
Percentile by Number Answered
Your Score History
You have not taken this quiz